Normal view
MARC view
Entry Topical Term
001 - CONTROL NUMBER
- control field: 61147
003 - CONTROL NUMBER IDENTIFIER
- control field:
005 - DATE AND TIME OF LATEST TRANSACTION
- control field: 20241121102946.0
008 - FIXED-LENGTH DATA ELEMENTS
- fixed length control field: 241121|| aca||aabn | a|a d
040 ## - CATALOGING SOURCE
- Original cataloging agency:
- Transcribing agency:
150 ## - HEADING--TOPICAL TERM
- Topical term or geographic name entry element: Ahiauzu, Blessing Esuru, 1944-
670 ## - SOURCE DATA FOUND
- Source citation: Work cat.: ()31378: AHIAUZU, Blessing Esuru aut 61146, Seven decades on rainbow paths :, 2024
